| 000 | 01224cam a2200337 a 4500 | ||
|---|---|---|---|
| 001 | 30619 | ||
| 003 | GBCCL | ||
| 005 | 20241126110415.0 | ||
| 008 | 860205s1986 ilu 000 1 eng | ||
| 010 | _a 86070279 | ||
| 020 |
_a0891073906 (pbk.) : _c$8.95 |
||
| 020 | _a9780891073901 (pbk.) | ||
| 029 | 1 |
_aNZ1 _b3084287 |
|
| 035 | _a(OCoLC)ocm15063430 | ||
| 035 | _a(OCoLC)15063430 | ||
| 040 |
_aDLC _cDLC _dOCL _dXY4 _dTBS _dBTCTA _dLBB |
||
| 049 |
_aLBBK _aLBBA |
||
| 050 | 0 | 0 |
_aPS3566.E691317 _bT4 1986 |
| 082 | 0 | 0 |
_a813.54 _219 _bPER |
| 090 |
_aPX10 _bP4151t |
||
| 100 | 1 |
_aPeretti, Frank E. _94118 |
|
| 245 | 1 | 0 |
_aThis present darkness / _cFrank E. Peretti. |
| 260 |
_aWestchester, Ill. : _bCrossway Books, _cc1986. |
||
| 300 |
_a375 p. ; _c22 cm. |
||
| 520 | _aIn this trail-blazing novel on spiritual warfare, a prayerful pastor and a hard-boiled reporter compare notes and find themselves fighting a plot to subjugate the human race. A prayerful pastor and a hard-boiled reporter fight a plot to subjugate the human race. | ||
| 650 | 0 |
_aNew Age movement _vFiction. _94119 |
|
| 650 | 0 |
_aBaal (Deity) _vFiction. _94120 |
|
| 650 | 0 |
_aChristian fiction. _94121 |
|
| 650 | 0 |
_aAllegories. _94122 |
|
| 942 |
_2ddc _cBK _03 |
||
| 999 |
_c2009 _d2009 |
||